000 00239nmm a2200085Ia 4500
008 220120s9999||||xx |||||||||||||||||und||
100 _aEFY
245 0 _aSeptember 2010 : Electronic circuits, simulators, ebooks, ut
260 _aEFY enterprises
999 _c139613
_d139613